My generation : rock 'n' roll remembered : an imperfect history /

Bibliographic Details
Other Authors: Farrell, Antony, Guinness, Vivienne, LLoyd, Julian, Barrington, Brendan, O'Grady, Faith
Format: Book
Language:English
Published: Dublin, Ireland : Lilliput Press, 1996.
Subjects:

MARC

Tag First Indicator Second Indicator Subfields
LEADER 00000cam a2200000 a 4500
001 in00001382813
005 20151019175406.0
008 970214s1996 ie k 001 0 eng d
010 |a  97116223  
020 |a 1874675511 
035 |a (OCoLC)36632720 
035 |9 AHL1510AM 
040 |a NN  |c DLC  |d TXA  |d UtOrBLW 
042 |a lccopycat 
049 |a TXAM 
050 0 0 |a ML3534  |b .M98 1996 
082 0 0 |a 781.66/09  |2 21 
245 0 0 |a My generation :  |b rock 'n' roll remembered : an imperfect history /  |c editors, Antony Farrell, Vivienne Guinness and Julian Lloyd ; assistant editors, Brendan Barrington, Faith O'Grady. 
246 3 0 |a Rock 'n' roll remembered 
264 1 |a Dublin, Ireland :  |b Lilliput Press,  |c 1996. 
300 |a xii, 339 pages ;  |c 24 cm. 
336 |a text  |b txt  |2 rdacontent 
337 |a unmediated  |b n  |2 rdamedia 
338 |a volume  |b nc  |2 rdacarrier 
504 |a Includes discographical references and index. 
650 0 |a Rock music  |x History and criticism. 
700 1 |a Farrell, Antony. 
700 1 |a Guinness, Vivienne. 
700 1 |a LLoyd, Julian. 
700 1 |a Barrington, Brendan. 
700 1 |a O'Grady, Faith. 
999 |a MARS 
999 f f |s e170018e-4055-3459-bbdf-2337abd01e5f  |i c547a0d6-f1c3-3b91-8bbe-4f0a0548b056  |t 0 
952 f f |p normal  |a Texas A&M University  |b College Station  |c Sterling C. Evans Library  |d Evans: Library Stacks  |t 0  |e ML3534 .M98 1996  |h Library of Congress classification  |i unmediated -- volume  |m A14821540185 
998 f f |a ML3534 .M98 1996  |t 0  |l Evans: Library Stacks